<The> moral causes of the financial and economic crisis

Etika, morálka. Názory vybraných ekonómov o morálke a ekonomike. Názor, že jedna z hlavných príčin finančno-ekonomickej krízy sa ukrýva v morálke ľudí. Mnohí ekonómovia upozorňujú na dôležitosť morálky a etiky v hospodárskej praxi.

Salvato in:
Dettagli Bibliografici
Autore principale: Vongrej, Marián
Natura: Capitolo di libro
Lingua:inglese
Soggetti:
Tags: Aggiungi Tag
Nessun Tag, puoi essere il primo ad aggiungerne!!

MARC

LEADER 00000nla$a2200000$$$4500
001 0124972
005 20240502072423.6
041 0 |a eng 
044 |a SK 
245 1 0 |a <The> moral causes of the financial and economic crisis  |c Marián Vongrej 
520 |a Etika, morálka. Názory vybraných ekonómov o morálke a ekonomike. Názor, že jedna z hlavných príčin finančno-ekonomickej krízy sa ukrýva v morálke ľudí. Mnohí ekonómovia upozorňujú na dôležitosť morálky a etiky v hospodárskej praxi. 
610 2 0 |a etika 
610 2 0 |a morálka 
610 2 0 |a sloboda 
610 2 0 |a správanie 
610 2 0 |a kríza finančná 
610 2 0 |a kríza hospodárska 
100 1 |a Vongrej, Marián